Central Library CUTN

India's 2014 elections : (Record no. 16836)

MARC details
000 -LEADER
fixed length control field 00812cam a22002534i 4500
003 - CONTROL NUMBER IDENTIFIER
control field CUTN
005 - DATE AND TIME OF LATEST TRANSACTION
control field 20180507121929.0
008 - FIXED-LENGTH DATA ELEMENTS--GENERAL INFORMATION
fixed length control field 150306s2015 ii a b 001 0 eng
020 ## - INTERNATIONAL STANDARD BOOK NUMBER
International Standard Book Number 9789351501879 (hardback : alk. paper)
041 ## - LANGUAGE CODE
Language English
042 ## - AUTHENTICATION CODE
Authentication code pcc
082 00 - DEWEY DECIMAL CLASSIFICATION NUMBER
Classification number 324.954
Edition number 23
Item number WAL
100 1# - MAIN ENTRY--PERSONAL NAME
Personal name Wallace, Paul.
245 10 - TITLE STATEMENT
Title India's 2014 elections :
Remainder of title a modi-led BJP sweep /
Statement of responsibility, etc edited by Paul Wallace.
300 ## - PHYSICAL DESCRIPTION
Extent xxiv, 427 pages :
Other physical details color illustrations ;
Dimensions 22 cm
650 #0 - SUBJECT ADDED ENTRY--TOPICAL TERM
Topical term or geographic name as entry element Elections
700 1# - ADDED ENTRY--PERSONAL NAME
Personal name Wallace, Paul,
942 ## - ADDED ENTRY ELEMENTS (KOHA)
Source of classification or shelving scheme Dewey Decimal Classification
Koha item type General Books
504 ## - BIBLIOGRAPHY, ETC. NOTE
Bibliography, etc Includes bibliographical references and index.
650 #0 - SUBJECT ADDED ENTRY--TOPICAL TERM
Geographic subdivision India.
700 1# - ADDED ENTRY--PERSONAL NAME
Dates associated with a name 1931-
906 ## - LOCAL DATA ELEMENT F, LDF (RLIN)
a 7
b cbc
c orignew
d 1
e ecip
f 20
g y-gencatlg
Holdings
Withdrawn status Lost status Source of classification or shelving scheme Damaged status Not for loan Collection code Home library Location Shelving location Date of Cataloging Total Checkouts Full call number Barcode Date last seen Price effective from Koha item type
    Dewey Decimal Classification     Non-fiction CUTN Central Library CUTN Central Library Social Sciences 23/05/2016   324.954 WAL 22112 23/05/2016 23/05/2016 General Books